[Event "Aeroflot Open 2016 B"]
[Site "Moscu RUS"]
[Date "2016.03.09"]
[Round "9.26"]
[White "Demianjuk, Alexander"]
[Black "Li, Di"]
[Result "1-0"]
[WhiteElo "2336"]
[BlackElo "2428"]
[PlyCount "129"]
[EventDate "2016.03.01"]
[EventType "swiss"]
[EventRounds "9"]
[EventCountry "RUS"]
[Source "lmi"]
[SourceDate "2016.03.01"]

1. d4 Nf6 2. c4 g6 3. Nc3 d5 4. cxd5 Nxd5 5. e4 Nxc3 6. bxc3 Bg7 7. Nf3 c5 8.
Be3 Qa5 9. Qd2 Nc6 10. Rb1 a6 11. Rc1 Bg4 12. d5 Rd8 13. Be2 O-O 14. O-O e6 15.
Bg5 f6 16. Bf4 Qa4 17. h3 exd5 18. exd5 Bf5 19. Rfe1 g5 20. Bc7 Rd7 21. d6 Bg6
22. Qd5+ Bf7 23. Qxc5 Qxa2 24. Bd3 Rc8 25. Bf5 Rdxc7 26. dxc7 Rxc7 27. Qd6 Qa5
28. Ra1 Bf8 29. Qxf6 Bg7 30. Qxg5 Qxc3 31. Rab1 Qf6 32. Rb6 Qxg5 33. Nxg5 Bd4
34. Rbb1 h6 35. Nxf7 Kxf7 36. Be6+ Kg7 37. Bd5 b6 38. Re4 Bc5 39. Rb3 Nd4 40.
Rb2 a5 41. Rd2 Nf5 42. Rg4+ Kf6 43. Re2 Re7 44. Kf1 Rxe2 45. Kxe2 Ke5 46. Bg8
b5 47. Kd3 a4 48. Rg6 Bxf2 49. Re6+ Kf4 50. Re4+ Kg3 51. Rg4+ Kh2 52. Rf4 Ne7
53. Rxf2 Nxg8 54. Rf7 a3 55. Kc3 b4+ 56. Kb3 Kxg2 57. h4 h5 58. Rf4 Nf6 59.
Rxf6 Kg3 60. Kxb4 a2 61. Ra6 Kxh4 62. Kc3 Kg3 63. Kd3 h4 64. Ke2 h3 65. Kf1 1-0

[Event "Aeroflot Open 2016 B"]
[Site "Moscu RUS"]
[Date "2016.03.09"]
[Round "9.27"]
[White "Iniyan, P."]
[Black "Tunik, Gennady"]
[Result "1/2-1/2"]
[WhiteElo "2295"]
[BlackElo "2426"]
[PlyCount "80"]
[EventDate "2016.03.01"]
[EventType "swiss"]
[EventRounds "9"]
[EventCountry "RUS"]
[Source "lmi"]
[SourceDate "2016.03.01"]

1. d4 Nf6 2. c4 e6 3. Nc3 Bb4 4. Qc2 O-O 5. Nf3 c5 6. dxc5 Na6 7. g3 Nxc5 8.
Bg2 Nce4 9. O-O Nxc3 10. bxc3 Be7 11. e4 d6 12. e5 dxe5 13. Nxe5 Qc7 14. Qe2
Nd7 15. Bf4 Nxe5 16. Bxe5 Bd6 17. Rfe1 Bxe5 18. Qxe5 Qxe5 19. Rxe5 Rd8 20. Rb1
Rd7 21. Reb5 Rb8 22. c5 Rc7 23. Rd1 Bd7 24. c6 Bxc6 25. Bxc6 Rxc6 26. Rxb7 Rf8
27. Rxa7 Rxc3 28. a4 Ra3 29. Rd6 g6 30. Rda6 Rc8 31. Ra8 Rxa8 32. Rxa8+ Kg7 33.
a5 h5 34. a6 Kf6 35. h4 e5 36. Kf1 Ra2 37. Kg2 Kf5 38. Rf8 f6 39. Ra8 e4 40. a7
Ra1 1/2-1/2

[Event "Aeroflot Open 2016 B"]
[Site "Moscu RUS"]
[Date "2016.03.09"]
[Round "9.28"]
[White "Badmatsyrenov, Oleg"]
[Black "Zhang, Ziji"]
[Result "1-0"]
[WhiteElo "2475"]
[BlackElo "2283"]
[PlyCount "99"]
[EventDate "2016.03.01"]
[EventType "swiss"]
[EventRounds "9"]
[EventCountry "RUS"]
[Source "lmi"]
[SourceDate "2016.03.01"]

1. e4 c5 2. Nf3 Nc6 3. d4 cxd4 4. Nxd4 Nf6 5. Nc3 d6 6. Bg5 e6 7. Qd2 a6 8.
O-O-O h6 9. Nxc6 bxc6 10. Bf4 d5 11. Be2 Bb4 12. Qe3 O-O 13. g4 Qa5 14. g5 hxg5
15. Be5 dxe4 16. Qxg5 Bxc3 17. Rhg1 Ne8 18. Bxc3 Qxg5+ 19. Rxg5 f6 20. Rc5 Bb7
21. Bh5 e5 22. Bg6 Nc7 23. Bxe4 Nd5 24. b3 Rae8 25. Bf5 Re7 26. Bb2 Kf7 27. Rc4
g6 28. Be4 Rh8 29. h4 f5 30. Bg2 Rhe8 31. Ba3 Rd7 32. Ra4 Red8 33. Bf1 Nc3 34.
Bc4+ Kf6 35. Rxd7 Rxd7 36. Ra5 Rd1+ 37. Kb2 Nb5 38. Bc5 Bc8 39. a4 Nc7 40. Bb6
Nd5 41. Bd8+ Ke6 42. Bxa6 Bxa6 43. Rxa6 Kd7 44. Ra8 e4 45. Bg5 Rf1 46. a5 Kc7
47. a6 Rxf2 48. Bd8+ Kd7 49. a7 Nb4 50. Ba5 1-0

[Event "Aeroflot Open 2016 B"]
[Site "Moscu RUS"]
[Date "2016.03.09"]
[Round "9.29"]
[White "Ziaziulkina, Nastassia"]
[Black "Elistratov, Semen"]
[Result "1/2-1/2"]
[WhiteElo "2401"]
[BlackElo "2335"]
[PlyCount "173"]
[EventDate "2016.03.01"]
[EventType "swiss"]
[EventRounds "9"]
[EventCountry "RUS"]
[Source "lmi"]
[SourceDate "2016.03.01"]

1. e4 e5 2. Nf3 Nc6 3. Bb5 a6 4. Ba4 Nf6 5. O-O Be7 6. Re1 b5 7. Bb3 d6 8. c3
O-O 9. d4 Bg4 10. d5 Na5 11. Bc2 c6 12. h3 Bc8 13. dxc6 Qc7 14. Nbd2 Qxc6 15.
a4 Be6 16. Nf1 Nc4 17. Ng3 Rfc8 18. Nh4 g6 19. Nf3 Bf8 20. Ng5 Bd7 21. Nf3 h6
22. b3 Na5 23. Bd2 Qc7 24. axb5 axb5 25. Qe2 Nb7 26. b4 Nd8 27. Bd3 Qb7 28. Qf1
Ne6 29. Rxa8 Rxa8 30. Ra1 Rxa1 31. Qxa1 Bc6 32. Qb1 Bg7 33. Be3 Qa8 34. Bc2 Nf4
35. Nd2 d5 36. Kh2 Ne6 37. f3 h5 38. Ne2 Qa3 39. Nb3 Qa8 40. Nd2 Kh8 41. Bd3
Qd8 42. Nb3 Qa8 43. Nd2 Qb8 44. Kh1 Qd6 45. Qc2 Qd8 46. Qb1 Kh7 47. Kh2 Qf8 48.
Nb3 dxe4 49. fxe4 Bh6 50. Qc1 Qd6 51. Bc2 Nf4 52. Nxf4 exf4 53. Bc5 Qc7 54. Qe1
f3+ 55. Kg1 fxg2 56. Nd4 Bd7 57. Kxg2 Qf4 58. Ne2 Qg5+ 59. Qg3 Qd2 60. Qd3 Qg5+
61. Qg3 Qd2 62. Qd3 Nxe4 63. Qxd2 Nxd2 64. Nd4 Nc4 65. Kg3 Ne3 66. Bd3 h4+ 67.
Kh2 Bf4+ 68. Kg1 Nd5 69. Nxb5 Bxb5 70. Bxb5 Nxc3 71. Bc6 f5 72. b5 g5 73. b6 g4
74. Kg2 Kg6 75. Be7 Ne4 76. Bxh4 gxh3+ 77. Kxh3 Ng5+ 78. Kg2 Ne6 79. Be8+ Kg7
80. Bd7 Kf7 81. Bg3 Bxg3 82. Kxg3 Nc5 83. Bxf5 Ke7 84. Kf4 Kd6 85. Be4 Nxe4 86.
Kxe4 Kc6 87. Ke5 1/2-1/2

[Event "Aeroflot Open 2016 B"]
[Site "Moscu RUS"]
[Date "2016.03.09"]
[Round "9.30"]
[White "Pustovoitova, Daria"]
[Black "Soumya, Swaminathan"]
[Result "1-0"]
[WhiteElo "2337"]
[BlackElo "2384"]
[PlyCount "81"]
[EventDate "2016.03.01"]
[EventType "swiss"]
[EventRounds "9"]
[EventCountry "RUS"]
[Source "lmi"]
[SourceDate "2016.03.01"]

1. d4 d5 2. c4 c6 3. Nc3 Nf6 4. e3 e6 5. Nf3 Nbd7 6. Qc2 Bd6 7. Bd3 dxc4 8.
Bxc4 O-O 9. O-O b5 10. Be2 Bb7 11. Rd1 Qc7 12. e4 e5 13. Bg5 exd4 14. Rxd4 Ne5
15. Bxf6 gxf6 16. g3 b4 17. Nd1 c5 18. Rd2 f5 19. Nxe5 Bxe5 20. Ne3 fxe4 21.
Bg4 Qc6 22. Bd7 Qb6 23. Bf5 Bd4 24. Bxe4 Bxe4 25. Qxe4 Rae8 26. Qf4 Qg6 27. Nf5
Be5 28. Qf3 Qf6 29. Rc1 Bxb2 30. Rxc5 Re1+ 31. Kg2 Qa6 32. Qg4+ Kh8 33. Qxb4
Qf1+ 34. Kf3 Qh1+ 35. Kf4 Bf6 36. f3 Qg1 37. Rd6 Ba1 38. Rc3 Rfe8 39. Rdc6 R1e5
40. Rc8 Qd1 41. Qf8+ 1-0

[Event "Aeroflot Open 2016 B"]
[Site "Moscu RUS"]
[Date "2016.03.09"]
[Round "9.31"]
[White "Charochkina, Daria"]
[Black "Vaishali, R."]
[Result "1-0"]
[WhiteElo "2381"]
[BlackElo "2337"]
[PlyCount "59"]
[EventDate "2016.03.01"]
[EventType "swiss"]
[EventRounds "9"]
[EventCountry "RUS"]
[Source "lmi"]
[SourceDate "2016.03.01"]

1. d4 Nf6 2. c4 e6 3. Nc3 d5 4. cxd5 exd5 5. Bg5 Be7 6. e3 c6 7. Bd3 Nbd7 8.
Nf3 O-O 9. Qc2 Re8 10. h3 Nf8 11. O-O-O Be6 12. Kb1 Rc8 13. Ne5 c5 14. Bb5 N6d7
15. Bxe7 Qxe7 16. f4 f6 17. f5 Bf7 18. Nxf7 Qxf7 19. dxc5 Rxc5 20. Rxd5 Qxd5
21. Nxd5 Rxc2 22. Kxc2 Rc8+ 23. Kb1 Rc5 24. Ba4 g6 25. b4 Rxd5 26. Bb3 Nb6 27.
e4 gxf5 28. exd5 Nfd7 29. Rc1 Kf8 30. Rc7 1-0

[Event "Aeroflot Open 2016 B"]
[Site "Moscu RUS"]
[Date "2016.03.09"]
[Round "9.32"]
[White "Bashirli, Nail"]
[Black "Liu, Chang"]
[Result "1/2-1/2"]
[WhiteElo "2332"]
[BlackElo "2378"]
[PlyCount "88"]
[EventDate "2016.03.01"]
[EventType "swiss"]
[EventRounds "9"]
[EventCountry "RUS"]
[Source "lmi"]
[SourceDate "2016.03.01"]

1. e4 d6 2. d4 g6 3. Nc3 Bg7 4. f4 Nf6 5. Nf3 O-O 6. Bd3 Nc6 7. e5 dxe5 8. fxe5
Nh5 9. Be3 f6 10. exf6 exf6 11. O-O f5 12. Qd2 Kh8 13. Be2 Ne7 14. d5 Qd6 15.
Nb5 Qd7 16. c4 c6 17. Nc3 f4 18. Bf2 cxd5 19. cxd5 Nf6 20. Rad1 Ng4 21. Bb5 Qd8
22. d6 Nf5 23. d7 Nge3 24. dxc8=Q Qxc8 25. Nd5 Nxf1 26. Bxf1 Ne3 27. Nxe3 fxe3
28. Qxe3 Bxb2 29. Nd4 Qc5 30. Qd2 Bc3 31. Ne6 Qe5 32. Qc2 Rxf2 33. Kxf2 Ba5 34.
Qb3 Bb6+ 35. Kf3 Rc8 36. Rd3 Qf6+ 37. Nf4 g5 38. Qb4 gxf4 39. Qd6 Qxd6 40. Rxd6
Rc2 41. Bd3 Rf2+ 42. Ke4 Rxg2 43. Rd7 Be3 44. Rxb7 Rg7 1/2-1/2

[Event "Aeroflot Open 2016 B"]
[Site "Moscu RUS"]
[Date "2016.03.09"]
[Round "9.33"]
[White "Torosyan, Norayr"]
[Black "Mirzoyan, David"]
[Result "1/2-1/2"]
[WhiteElo "2378"]
[BlackElo "2241"]
[PlyCount "80"]
[EventDate "2016.03.01"]
[EventType "swiss"]
[EventRounds "9"]
[EventCountry "RUS"]
[Source "lmi"]
[SourceDate "2016.03.01"]

1. Nf3 Nf6 2. d4 e6 3. c4 b6 4. e3 Bb7 5. Bd3 d5 6. O-O Bd6 7. b3 O-O 8. Bb2
Nbd7 9. Nc3 a6 10. Qc2 Qe7 11. e4 dxe4 12. Nxe4 Nxe4 13. Bxe4 Bxe4 14. Qxe4 Ba3
15. Bc3 Bb4 16. Rac1 Bxc3 17. Rxc3 c5 18. Rd1 Nf6 19. Qe3 Rfd8 20. Rcd3 cxd4
21. Rxd4 b5 22. Ne5 Qc7 23. h3 bxc4 24. bxc4 Rxd4 25. Qxd4 h6 26. Qd6 Ra7 27.
Qxc7 Rxc7 28. Rd8+ Kh7 29. Ra8 Ne4 30. Rxa6 f6 31. Rc6 Ra7 32. Ng4 e5 33. f3
Nc3 34. Ne3 Ne2+ 35. Kh1 Nd4 36. Rc8 Rxa2 37. c5 Ra1+ 38. Kh2 Rc1 39. Nd5 Kg6
40. c6 Rc5 1/2-1/2

[Event "Aeroflot Open 2016 B"]
[Site "Moscu RUS"]
[Date "2016.03.09"]
[Round "9.34"]
[White "Qiu, Mengjie"]
[Black "Abdulov, Orkhan"]
[Result "1/2-1/2"]
[WhiteElo "2169"]
[BlackElo "2354"]
[PlyCount "73"]
[EventDate "2016.03.01"]
[EventType "swiss"]
[EventRounds "9"]
[EventCountry "RUS"]
[Source "lmi"]
[SourceDate "2016.03.01"]

1. e4 c5 2. Nf3 e6 3. d4 cxd4 4. Nxd4 Nc6 5. Nc3 Nf6 6. Ndb5 d6 7. Bf4 e5 8.
Bg5 a6 9. Na3 b5 10. Nd5 Be7 11. Bxf6 Bxf6 12. c3 Bg5 13. Nc2 Rb8 14. a4 bxa4
15. Ncb4 Bd7 16. Bxa6 Nxb4 17. cxb4 O-O 18. O-O Bc6 19. Bc4 Bxd5 20. Bxd5 Rxb4
21. Rxa4 Rxb2 22. Qa1 Rc2 23. Ra2 Qc7 24. Rxc2 Qxc2 25. Qa2 Qxa2 26. Bxa2 Rc8
27. Rb1 Kf8 28. g3 Rc7 29. Bd5 g6 30. Rb8+ Ke7 31. Rb7 Rxb7 32. Bxb7 f5 33. f3
Be3+ 34. Kg2 Kf6 35. Bd5 h6 36. Bc6 Kg5 37. Bd5 1/2-1/2

[Event "Aeroflot Open 2016 B"]
[Site "Moscu RUS"]
[Date "2016.03.09"]
[Round "9.35"]
[White "Musaev, Rasul"]
[Black "Mammadzada, Gunay"]
[Result "1-0"]
[WhiteElo "2297"]
[BlackElo "2345"]
[PlyCount "79"]
[EventDate "2016.03.01"]
[EventType "swiss"]
[EventRounds "9"]
[EventCountry "RUS"]
[Source "lmi"]
[SourceDate "2016.03.01"]

1. e4 c5 2. Nc3 d6 3. f4 g6 4. Nf3 Bg7 5. Bb5+ Bd7 6. Bxd7+ Qxd7 7. O-O Nc6 8.
d3 e6 9. f5 O-O-O 10. Rb1 h6 11. fxe6 fxe6 12. Ne2 g5 13. a3 Nge7 14. b4 Ng6
15. Be3 Nge5 16. Kh1 Nxf3 17. gxf3 Qe7 18. c3 b6 19. a4 cxb4 20. cxb4 Kb7 21.
d4 h5 22. a5 d5 23. Qa4 Rc8 24. e5 g4 25. Nf4 Qd7 26. Ra1 bxa5 27. b5 Nb8 28.
Qxa5 Ka8 29. Nxe6 Bh6 30. f4 Rh7 31. b6 Nc6 32. b7+ Qxb7 33. Qxd5 h4 34. Nc5
Qb2 35. Ra2 Qb5 36. Rfa1 g3 37. Qe4 Rg7 38. Rb1 Qc4 39. Rc2 Qg8 40. d5 1-0

[Event "Aeroflot Open 2016 B"]
[Site "Moscu RUS"]
[Date "2016.03.09"]
[Round "9.36"]
[White "Gevorgyan, David Sh"]
[Black "Murtazin, Bulat"]
[Result "1/2-1/2"]
[WhiteElo "2346"]
[BlackElo "2315"]
[PlyCount "162"]
[EventDate "2016.03.01"]
[EventType "swiss"]
[EventRounds "9"]
[EventCountry "RUS"]
[Source "lmi"]
[SourceDate "2016.03.01"]

1. d4 d5 2. c4 e6 3. Nc3 Be7 4. Nf3 Nf6 5. Bg5 h6 6. Bh4 O-O 7. e3 Ne4 8. Bxe7
Qxe7 9. Rc1 Nxc3 10. Rxc3 dxc4 11. Bxc4 Nd7 12. Qc2 c5 13. O-O b6 14. Bb5 Bb7
15. Bxd7 Qxd7 16. dxc5 bxc5 17. Rxc5 Rfd8 18. Ne5 Qd6 19. b4 Rac8 20. Qc3 Rxc5
21. bxc5 Qd5 22. c6 Ba8 23. f3 f6 24. c7 Rc8 25. Nd3 Qc6 26. Qb3 Rxc7 27. Rc1
Qb6 28. Rxc7 Qxc7 29. Qxe6+ Kh7 30. Qf5+ Kh8 31. Nf4 Qc1+ 32. Kf2 Qd2+ 33. Kg3
Bb7 34. Ng6+ Kg8 35. Qe6+ Kh7 36. Nf8+ Kh8 37. Ng6+ Kh7 38. Ne7 Qd8 39. h4 a5
40. h5 a4 41. a3 Qc7+ 42. f4 Qd8 43. e4 Kh8 44. e5 fxe5 45. fxe5 Be4 46. Qf7
Bc2 47. Qe6 Kh7 48. Kh2 Qe8 49. g4 Qf8 50. Nf5 Kh8 51. Qe7 Qg8 52. Nd6 Qd5 53.
Qf8+ Kh7 54. Qf4 Bb1 55. Nc4 Bd3 56. Nd2 Qa2 57. Qb4 Qa1 58. Nf3 Qa2+ 59. Kg3
Qb3 60. Qd4 Kh8 61. Qd8+ Kh7 62. Qd4 Bc2 63. Kf4 Qxa3 64. g5 Qf8+ 65. Kg3 a3
66. g6+ Kh8 67. e6 a2 68. Ne5 Bb3 69. Nf7+ Kg8 70. Qa7 Bxe6 71. Nxh6+ Kh8 72.
Nf7+ Bxf7 73. gxf7 Qd6+ 74. Kg4 Qe6+ 75. Kg3 Qe1+ 76. Kg4 Qd1+ 77. Kg3 Qd3+ 78.
Kg4 Qe4+ 79. Kg3 Qe5+ 80. Kg4 Qe6+ 81. Kg3 Qe5+ 1/2-1/2

[Event "Aeroflot Open 2016 B"]
[Site "Moscu RUS"]
[Date "2016.03.09"]
[Round "9.37"]
[White "Tologontegin, Semetey"]
[Black "Babujian, Levon"]
[Result "0-1"]
[WhiteElo "2370"]
[BlackElo "2491"]
[PlyCount "62"]
[EventDate "2016.03.01"]
[EventType "swiss"]
[EventRounds "9"]
[EventCountry "RUS"]
[Source "lmi"]
[SourceDate "2016.03.01"]

1. e4 e5 2. Nf3 Nc6 3. Bb5 f5 4. d3 fxe4 5. dxe4 Nf6 6. O-O Bc5 7. Qd3 d6 8.
Nc3 O-O 9. Bxc6 bxc6 10. Qc4+ Kh8 11. Nxe5 Qe8 12. Nd3 Bb6 13. Bf4 a5 14. Rae1
Ba6 15. Qb3 Rb8 16. Qa3 Qh5 17. e5 Ng4 18. Bg3 Bxd3 19. cxd3 Rxf2 20. Rxf2
Bxf2+ 21. Bxf2 Qxh2+ 22. Kf1 Rf8 23. Ne4 Nxf2 24. Nxf2 Qh4 25. g3 Qh2 26. Ke2
Rxf2+ 27. Kd1 Rxb2 28. Qxb2 Qxb2 29. exd6 Qb1+ 30. Kd2 Qxa2+ 31. Kc3 cxd6 0-1

[Event "Aeroflot Open 2016 B"]
[Site "Moscu RUS"]
[Date "2016.03.09"]
[Round "9.38"]
[White "Slavin, Alexey"]
[Black "Yuan, Ye"]
[Result "0-1"]
[WhiteElo "2384"]
[BlackElo "2140"]
[PlyCount "90"]
[EventDate "2016.03.01"]
[EventType "swiss"]
[EventRounds "9"]
[EventCountry "RUS"]
[Source "lmi"]
[SourceDate "2016.03.01"]

1. d4 Nf6 2. Nf3 g6 3. c4 Bg7 4. Nc3 d5 5. h4 c6 6. Bg5 dxc4 7. e4 Bg4 8. Bxc4
Bxf3 9. gxf3 b5 10. Bb3 Nh5 11. e5 O-O 12. Qd2 a5 13. O-O-O a4 14. Bc2 Nd7 15.
Bh6 Nb6 16. Bxg7 Kxg7 17. Rhg1 b4 18. Ne4 Nd5 19. Bd3 Qc8 20. Rg5 Nhf4 21. Rg4
Nxd3+ 22. Qxd3 f5 23. exf6+ Nxf6 24. Rg5 Qe6 25. d5 cxd5 26. Ng3 a3 27. b3
Rac8+ 28. Kb1 Rc3 29. Qd4 Rxf3 30. Qxb4 Qd6 31. Qd4 Kf7 32. Re5 Rc8 33. Rde1
Rc7 34. h5 Qc6 35. R5e2 Qc3 36. Qb6 Qd3+ 37. Ka1 Qc3+ 38. Kb1 Qd3+ 39. Ka1 Qc3+
40. Kb1 g5 41. Qe6+ Kf8 42. h6 Qd3+ 43. Ka1 Qd4+ 44. Kb1 Rd3 45. Rc2 Rd1+ 0-1

[Event "Aeroflot Open 2016 B"]
[Site "Moscu RUS"]
[Date "2016.03.09"]
[Round "9.39"]
[White "Raja, Harshit"]
[Black "Kulkarni, Rakesh"]
[Result "0-1"]
[WhiteElo "2341"]
[BlackElo "2357"]
[PlyCount "92"]
[EventDate "2016.03.01"]
[EventType "swiss"]
[EventRounds "9"]
[EventCountry "RUS"]
[Source "lmi"]
[SourceDate "2016.03.01"]

1. e4 c5 2. Nf3 a6 3. d4 cxd4 4. Nxd4 Nf6 5. Bd3 e5 6. Ne2 d5 7. exd5 Qxd5 8.
O-O Bg4 9. Nbc3 Qd7 10. Bg5 Be7 11. h3 Bh5 12. Bxf6 Bxf6 13. Be4 O-O 14. Qxd7
Nxd7 15. Ng3 Bg6 16. Bxb7 Rab8 17. Bxa6 Rxb2 18. Nge4 Be7 19. Nd5 Ba3 20. Bd3
Bxe4 21. Bxe4 Nc5 22. Bf3 Rxc2 23. Ne3 Rc3 24. Bd5 Rd8 25. Rfd1 Kf8 26. Rab1 f6
27. Bc4 Rxd1+ 28. Rxd1 g6 29. Rd8+ Kg7 30. Rc8 h5 31. Rc7+ Kh6 32. h4 Ne4 33.
Rd7 Bf8 34. Bg8 Bg7 35. a4 Rc1+ 36. Rd1 Rc8 37. Be6 Ra8 38. Ra1 Nc5 39. Bc4
Rxa4 40. Rc1 Ne4 41. Bd3 Rd4 42. Bb1 Nd2 43. Ba2 Rxh4 44. g4 hxg4 45. Kg2 f5
46. Rd1 Nf3 0-1

[Event "Aeroflot Open 2016 B"]
[Site "Moscu RUS"]
[Date "2016.03.09"]
[Round "9.40"]
[White "Bogumil, Tatiana"]
[Black "Lomasov, Semen"]
[Result "0-1"]
[WhiteElo "2132"]
[BlackElo "2350"]
[PlyCount "104"]
[EventDate "2016.03.01"]
[EventType "swiss"]
[EventRounds "9"]
[EventCountry "RUS"]
[Source "lmi"]
[SourceDate "2016.03.01"]

1. Nf3 c5 2. c4 Nc6 3. Nc3 g6 4. d4 cxd4 5. Nxd4 Bg7 6. Nb3 d6 7. e4 Bxc3+ 8.
bxc3 Nf6 9. f3 O-O 10. Be3 b6 11. Be2 Ba6 12. O-O Rc8 13. a4 Ne5 14. Nd2 Nxc4
15. Nxc4 Bxc4 16. Bxc4 Rxc4 17. a5 Nd7 18. axb6 axb6 19. Qb3 Qc7 20. Ra3 Rc8
21. Rb1 Rxc3 22. Qxc3 Qxc3 23. Rxc3 Rxc3 24. Bxb6 f5 25. Bd8 Kf7 26. exf5 gxf5
27. Rb7 Ke8 28. Ba5 Rc2 29. Be1 Rc1 30. Kf2 Nc5 31. Rb8+ Kf7 32. Bd2 Rc2 33.
Ke2 e5 34. g3 Ke6 35. h4 e4 36. Kd1 Ra2 37. fxe4 fxe4 38. Bf4 Nd3 39. Bg5 Kd5
40. Rd8 Nb2+ 41. Ke1 Nc4 42. Bf4 Ra6 43. Rb8 Ra1+ 44. Ke2 Kd4 45. Bg5 Ra2+ 46.
Ke1 e3 47. g4 Kd3 48. Rb3+ Ke4 49. Rb8 d5 50. Bf6 d4 51. Rb1 Nd2 52. Rb4 Nf3+
0-1

[Event "Aeroflot Open 2016 B"]
[Site "Moscu RUS"]
[Date "2016.03.09"]
[Round "9.41"]
[White "Oganisian, Roman"]
[Black "Spichkin, Alexander"]
[Result "1-0"]
[WhiteElo "2337"]
[BlackElo "2130"]
[PlyCount "67"]
[EventDate "2016.03.01"]
[EventType "swiss"]
[EventRounds "9"]
[EventCountry "RUS"]
[Source "lmi"]
[SourceDate "2016.03.01"]

1. d4 e6 2. c4 f5 3. Nc3 Nf6 4. g3 Be7 5. Bg2 O-O 6. Qb3 c6 7. Nh3 d5 8. Nf4
Na6 9. h4 Ne4 10. Nxe4 dxe4 11. Be3 Qa5+ 12. Kf1 c5 13. Rd1 Rd8 14. d5 e5 15.
Nh3 Bd7 16. d6 Ba4 17. Qxb7 Nc7 18. Bd2 Rxd6 19. Bxa5 Rxd1+ 20. Be1 Bd6 21. b3
Be8 22. g4 g6 23. gxf5 gxf5 24. Ng5 Rd8 25. Bh3 Bd7 26. Rg1 Kf8 27. Nxh7+ Kf7
28. Ng5+ Kf6 29. h5 Be8 30. Nh7+ Ke6 31. Qxe4 Be7 32. Bxf5+ Kd6 33. f4 exf4 34.
Rg7 1-0

[Event "Aeroflot Open 2016 B"]
[Site "Moscu RUS"]
[Date "2016.03.09"]
[Round "9.42"]
[White "Li, Yankai"]
[Black "Hojjatova, Aydan"]
[Result "1/2-1/2"]
[WhiteElo "2175"]
[BlackElo "2323"]
[PlyCount "50"]
[EventDate "2016.03.01"]
[EventType "swiss"]
[EventRounds "9"]
[EventCountry "RUS"]
[Source "lmi"]
[SourceDate "2016.03.01"]

1. e4 e6 2. d4 d5 3. Nc3 Bb4 4. e5 c5 5. a3 Bxc3+ 6. bxc3 Ne7 7. Qg4 O-O 8. Bd3
f5 9. exf6 Rxf6 10. Bg5 Rf7 11. Qh5 g6 12. Qh4 c4 13. Be2 Qa5 14. Bd2 Nf5 15.
Qg5 Nd7 16. g4 Nd6 17. f3 Rf8 18. h4 Nf7 19. Qe3 Nf6 20. g5 Nh5 21. f4 Nd6 22.
Bxh5 gxh5 23. Nf3 Ne4 24. Ne5 Qa4 25. Ra2 Rf5 1/2-1/2

[Event "Aeroflot Open 2016 B"]
[Site "Moscu RUS"]
[Date "2016.03.09"]
[Round "9.43"]
[White "Kostromin, Mikhail"]
[Black "Aslanov, Farid"]
[Result "1-0"]
[WhiteElo "2322"]
[BlackElo "2171"]
[PlyCount "49"]
[EventDate "2016.03.01"]
[EventType "swiss"]
[EventRounds "9"]
[EventCountry "RUS"]
[Source "lmi"]
[SourceDate "2016.03.01"]

1. e4 e6 2. d4 d5 3. Nc3 dxe4 4. Nxe4 Nd7 5. Bd3 Ngf6 6. Qe2 Be7 7. Nf3 h6 8.
Nxf6+ Nxf6 9. Bd2 c5 10. dxc5 Bxc5 11. O-O-O Qb6 12. Ne5 Bd7 13. Nxd7 Nxd7 14.
Bb5 O-O-O 15. Bf4 f6 16. Bg3 h5 17. h4 a6 18. Ba4 e5 19. Qc4 Qc7 20. Qe6 Rhf8
21. Rd5 g5 22. Rhd1 gxh4 23. Rxd7 Rxd7 24. Rxd7 Qa5 25. Bc6 1-0

[Event "Aeroflot Open 2016 B"]
[Site "Moscu RUS"]
[Date "2016.03.09"]
[Round "9.44"]
[White "Gomes, Mary Ann"]
[Black "Arabidze, Meri"]
[Result "1/2-1/2"]
[WhiteElo "2312"]
[BlackElo "2390"]
[PlyCount "97"]
[EventDate "2016.03.01"]
[EventType "swiss"]
[EventRounds "9"]
[EventCountry "RUS"]
[Source "lmi"]
[SourceDate "2016.03.01"]

1. d4 f5 2. Nf3 Nf6 3. c4 e6 4. Nc3 Bb4 5. Bd2 O-O 6. a3 Bxc3 7. Bxc3 Ne4 8.
Qc2 d6 9. g3 Nxc3 10. Qxc3 b6 11. Bg2 Bb7 12. O-O Nd7 13. d5 e5 14. b4 Qe7 15.
Ne1 Rac8 16. Nd3 c5 17. dxc6 Bxc6 18. Bxc6 Rxc6 19. b5 Rc7 20. Nb4 Qe6 21. Rfd1
Nc5 22. Nd5 Rcf7 23. f4 exf4 24. Nxf4 Qh6 25. Qf3 Ne4 26. Rd4 g5 27. Ng2 Qe6
28. Rad1 h5 29. Qe3 Qf6 30. Qf3 Qe6 31. Qe3 Qg6 32. Qf3 Re8 33. R1d3 h4 34.
gxh4 gxh4 35. Kh1 Rg7 36. Qf1 Qg5 37. Nf4 Qh6 38. Nh3 Qh5 39. Rf3 Re5 40. Nf2
Nxf2+ 41. Qxf2 Qg5 42. Rd1 Qg4 43. Rd4 Qg6 44. Rd1 Qg4 45. Rd4 Re4 46. h3 Qg1+
47. Qxg1 Rxg1+ 48. Kxg1 Rxd4 49. Rxf5 1/2-1/2

[Event "Aeroflot Open 2016 B"]
[Site "Moscu RUS"]
[Date "2016.03.09"]
[Round "9.45"]
[White "Von Meijenfeldt, Bart"]
[Black "Melia, Salome"]
[Result "0-1"]
[WhiteElo "2295"]
[BlackElo "2452"]
[PlyCount "70"]
[EventDate "2016.03.01"]
[EventType "swiss"]
[EventRounds "9"]
[EventCountry "RUS"]
[Source "lmi"]
[SourceDate "2016.03.01"]

1. e4 c5 2. Nf3 Nc6 3. d4 cxd4 4. Nxd4 Nf6 5. Nc3 d6 6. Bg5 e6 7. Qd2 Qb6 8.
O-O-O Be7 9. f3 Nxd4 10. Qxd4 Qxd4 11. Rxd4 a6 12. Rd2 h6 13. Bf4 e5 14. Be3
Be6 15. Be2 Rc8 16. Rhd1 O-O 17. Kb1 b5 18. a4 b4 19. Nd5 Nxd5 20. exd5 Bd7 21.
Bxa6 Ra8 22. Bb5 Bxb5 23. axb5 Ra5 24. c4 bxc3 25. bxc3 Rxb5+ 26. Rb2 Ra5 27.
Bb6 Ra4 28. Kc2 Rc8 29. Rdb1 Rac4 30. Ba5 R8c5 31. Rb5 f5 32. R1b3 e4 33. fxe4
fxe4 34. Rxc5 Rxc5 35. Rb8+ Kf7 0-1